000 01059cam a2200277 a 4500
001 13419828
005 20250127203903.0
008 951019s1995 enk b 001 0 eng d
020 _a1854314548
050 0 0 _aK3255
_b.W33 1995
082 0 4 _a344.202858
_220
100 1 _aWacks, Raymond.
245 1 0 _aPrivacy and press freedom /
_cRaymond Wacks.
260 _aLondon :
_bBlackstone Press,
_c1995.
300 _axvi, 181 p. ;
_c23 cm.
650 0 _aFreedom of the press.
650 0 _aPrivacy, Right of.
650 0 _aFreedom of the press
_zGreat Britain.
650 0 _aPrivacy, Right of
_zGreat Britain.
650 0 _aFreedom of the press
_zUnited States.
650 0 _aPrivacy, Right of
_zUnited States.
856 4 2 _3Publisher description
_uhttp://www.loc.gov/catdir/enhancements/fy0616/2003495523-d.html
856 4 1 _3Table of contents only
_uhttp://www.loc.gov/catdir/enhancements/fy0616/2003495523-t.html
856 4 2 _3Contributor biographical information
_uhttp://www.loc.gov/catdir/enhancements/fy0724/2003495523-b.html
942 _2lcc
_cBK
_n0
999 _c3128
_d3128